| 000 -CABECERA |
| campo de control de longitud fija |
00821nam a22002057a 4500 |
| 005 - FECHA Y HORA DE LA ÚLTIMA TRANSACCIÓN |
| campo de control |
20251203174454.0 |
| 008 - DATOS DE LONGITUD FIJA--INFORMACIÓN GENERAL |
| campo de control de longitud fija |
251203b ||||fr|||| 00| 0 eng d |
| 020 ## - NÚMERO INTERNACIONAL ESTÁNDAR DEL LIBRO |
| ISBN |
91-85391-54-9 |
| 040 ## - FUENTE DE LA CATALOGACIÓN |
| Centro catalogador/agencia de origen |
CENDOC CAAAP |
| Lengua de catalogación |
spa |
| Centro/agencia transcriptor |
CAAAP |
| 041 ## - CÓDIGO DE LENGUA |
| Código de lengua del texto/banda sonora o título independiente |
spa |
| 050 ## - SIGNATURA TOPOGRÁFICA DE LA BIBLIOTECA DEL CONGRESO |
| Número de clasificación |
JC 599.A4 |
| Número de documento/Ítem |
.P33 |
| 100 1# - ENTRADA PRINCIPAL--NOMBRE DE PERSONA |
| 9 (RLIN) |
5700 |
| Nombre personal |
Pacheco Oreamuno, Gilda |
| Término indicativo de función/relación |
autor |
| 245 1# - MENCIÓN DE TÍTULO |
| Título |
Verdad, justicia y reparación : |
| Subtitulo |
Desafíos para la democracia y la convivencia sociala / |
| Mención de responsabilidad, etc. |
Gilda Pacheco Oreamuno |
| 250 ## - MENCIÓN DE EDICIÓN |
| Mención de edición |
1ra edición |
| 260 #1 - PUBLICACIÓN, DISTRIBUCIÓN, ETC. |
| Lugar de publicación, distribución, etc. |
San José, Costa Rica : |
| Nombre del editor, distribuidor, etc. |
Instituto Interamericano de Derechos Humanos (IIDH), IDEA Internacional, |
| Fecha de publicación, distribución, etc. |
2007 |
| 300 ## - DESCRIPCIÓN FÍSICA |
| Extensión |
239 páginas ; |
| Dimensiones |
24 x 17 cm |
| 650 #0 - PUNTO DE ACCESO ADICIONAL DE MATERIA--TÉRMINO DE MATERIA |
| 9 (RLIN) |
381 |
| Término de materia o nombre geográfico como elemento de entrada |
Derechos Humanos |
| Subdivisión general |
Justicia transicional |
| Subdivisión geográfica |
América Latina |
| 650 #0 - PUNTO DE ACCESO ADICIONAL DE MATERIA--TÉRMINO DE MATERIA |
| 9 (RLIN) |
517 |
| Término de materia o nombre geográfico como elemento de entrada |
Democracia |
| Subdivisión general |
Condiciones sociales |
| Subdivisión geográfica |
América Latina |
| 942 ## - ELEMENTOS PERSONALIZADOS KOHA |
| Fuente del sistema de clasificación o colocación |
|
| Fecha de catalogación |
DD - MM - AA |
| Tipo de ítem Koha |
Libros |